000 00450nam a2200157 4500
999 _c18464
_d18464
008 231120b ||||| |||| 00| 0 eng d
020 _a9780385548922 (Hardcover)
082 _22022
_aDFic
_bG888
100 _aGrisham, John.
_946521
245 _aThe boys from Biloxi /
_cJohn Grisham.
260 _aNew York :
_bDoubleday,
_c©2022
300 _a454 pages ;
_c24 cm.
650 _aFiction.
_950120
650 _aFiction.
_950121
942 _2ddc
_cDFIC